|
|
|
|
| LEADER |
02362nam a2200505 a 4500 |
| 001 |
nkc20071717861 |
| 003 |
CZ PrNK |
| 005 |
20070920152326.0 |
| 007 |
ta |
| 008 |
070528s2007 xr e l 000 0 cze |
| 015 |
|
|
|a cnb001717861
|
| 020 |
|
|
|a 978-80-86131-72-6
|q (brož.)
|
| 035 |
|
|
|a (OCoLC)187296065
|
| 040 |
|
|
|a ABA001
|b cze
|d BOA001
|
| 043 |
|
|
|a e-xr---
|
| 072 |
|
7 |
|a 349
|x Pracovní, sociální, stavební právo. Právo životního prostředí
|2 Konspekt
|9 16
|
| 080 |
|
|
|a 349.3-053.2
|2 MRF
|
| 080 |
|
|
|a (437.3)
|2 MRF
|
| 080 |
|
|
|a (094.5)
|2 MRF
|
| 080 |
|
|
|a (0.072)
|2 MRF
|
| 100 |
1 |
|
|a Novotná, Věra
|7 jn20010309328
|4 cwt
|
| 245 |
1 |
0 |
|a Zákon o sociálně-právní ochraně dětí :
|b komentář /
|c Věra Novotná, Eva Burdová
|
| 250 |
|
|
|a 3., aktualiz. a dopl. vyd.
|
| 260 |
|
|
|a Praha :
|b Linde,
|c 2007
|
| 300 |
|
|
|a 471 s. ;
|c 24 cm
|
| 504 |
|
|
|a Obsahuje bibliografické odkazy
|
| 505 |
2 |
0 |
|t Úmluva o ochraně dětí a spolupráci při mezinárodním osvojení (1993) --
|t Úmluva o občanskoprávních aspektech mezinárodních únosů dětí --
|t Zákon č. 94/1963 Sb. o rodině (novela 2006) --
|t Zákon č. 218/2003 Sb. o odpovědnosti mládeže za protiprávní činy a o soudnictví ve věcech mládeže (novela 2006) --
|t Listina základních práv a svobod --
|t Úmluva o právech dítěte (1989)
|
| 650 |
0 |
7 |
|a sociálně-právní ochrana dětí
|7 ph297054
|z Česko
|2 czenas
|
| 650 |
0 |
9 |
|a social-law children protection
|z Czechia
|2 eczenas
|
| 655 |
|
7 |
|a zákony
|7 fd133886
|2 czenas
|
| 655 |
|
7 |
|a právní předpisy
|7 fd133151
|2 czenas
|
| 655 |
|
7 |
|a komentáře
|7 fd132578
|2 czenas
|
| 655 |
|
9 |
|a laws
|2 eczenas
|
| 655 |
|
9 |
|a legal regulations
|2 eczenas
|
| 655 |
|
9 |
|a commentaries
|2 eczenas
|
| 700 |
1 |
|
|a Burdová, Eva
|7 mzk2003180470
|4 cwt
|
| 710 |
1 |
2 |
|a Česko.
|t Zákon o sociálně-právní ochraně dětí (1999, novela 2006)
|7 kon2007399243
|
| 710 |
1 |
2 |
|a Česko.
|t Zákon o rodině (1963, novela 2006)
|7 kon2007399244
|
| 710 |
1 |
2 |
|a Česko.
|t Zákon o soudnictví ve věcech mládeže (2003, novela 2006)
|7 kon2007399245
|
| 740 |
0 |
2 |
|a Zákon o odpovědnosti mládeže za protiprávní činy a o soudnictví ve věcech mládeže
|
| 910 |
2 |
|
|a BOA001
|b 2-1187.045
|
| 990 |
|
|
|a BK
|
| 995 |
|
|
|a 01
|
| 991 |
|
|
|b 200706
|c NOV
|
| 996 |
6 |
|
|b 2610312189
|c 2-1187.045
|l MZK
|r Sklad / do 1 hodiny
|n 16
|p p.v.
|w 000850791
|u 000010
|a 1
|e BOA001
|j MZK50
|s P
|